शब्द शिल्पियों से सीधी बातचीतः (Record no. 51059)

MARC details
000 -LEADER
fixed length control field 01292nam a22002777a 4500
005 - DATE AND TIME OF LATEST TRANSACTION
control field 20110214110156.0
008 - FIXED-LENGTH DATA ELEMENTS--GENERAL INFORMATION
fixed length control field 090211t xxu||||| |||| 00| 0 hin d
010 ## - LCCN (DPL NO)
LC control number HIN-92042
020 ## - INTERNATIONAL STANDARD BOOK NUMBER
Terms of availability 250.00
International Standard Book Number 9788190832083
035 ## - SYSTEM CONTROL NUMBER
System control number HN-64388
037 ## - SOURCE OF ACQUISITION
Source of stock number/acquisition DBAD / PUB
040 ## - CATALOGING SOURCE
Original cataloging agency DPL
Language of cataloging HN
082 ## - DEWEY DECIMAL CLASSIFICATION NUMBER
Classification number 820.08
100 ## - MAIN ENTRY--PERSONAL NAME
9 (RLIN) 25892
Personal name मिश्र, सरजू प्रसाद
245 ## - TITLE STATEMENT
Title शब्द शिल्पियों से सीधी बातचीतः
Statement of responsibility, etc सरजू प्रसाद मिश्र
Remainder of title भारतीय साहित्यकारों के साक्षात्कार /
246 ## - VARYING FORM OF TITLE
Title proper/short title Shabd shilipiyon se sidhi batchit
Remainder of title by Sarju prasad Mishra
260 ## - PUBLICATION, DISTRIBUTION, ETC. (IMPRINT)
Place of publication, distribution, etc कानपुर
Name of publisher, distributor, etc अमन प्रकाशन
Date of publication, distribution, etc 2009
270 ## - ADDRESS
Address 104A /118 रामबाग,
City कानपुर
Postal code 208012
Telephone number R-0512-2574766 M-09839218516
300 ## - PHYSICAL DESCRIPTION
Extent 135पृ.
Dimensions 22सेमी (सजिल्द)
600 ## - SUBJECT ADDED ENTRY--PERSONAL NAME
9 (RLIN) 26585
650 ## - SUBJECT ADDED ENTRY--TOPICAL TERM
9 (RLIN) 1169
650 ## - SUBJECT ADDED ENTRY--TOPICAL TERM
9 (RLIN) 25893
700 ## - ADDED ENTRY--PERSONAL NAME
9 (RLIN) 25894
942 ## - ADDED ENTRY ELEMENTS (KOHA)
Source of classification or shelving scheme Dewey Decimal Classification
Item type Hindi Books
Classification part 820.08
Call number suffix मिश्रस
Holdings
Withdrawn status Lost status Source of classification or shelving scheme Damaged status Not for loan Collection code Home library Current library Date acquired Source of acquisition Cost, normal purchase price Total Checkouts Full call number Barcode Date last seen Copy number Cost, replacement price Koha item type
    Dewey Decimal Classification   Not For Loan Non-fiction D.B.Act.Division D.B.Act.Division 15/03/2011 DBAD / PUB 250.00   820.08 मिश्रस HN-64388 15/03/2011 1 250.00 Hindi Books

© Delhi Public Library
Hit Counter
free hit counter